[Event "19th SC 1500/1900"]
[Site "SchemingMind.com"]
[Date "2006.11.21"]
[Round "-"]
[White "loco61"]
[Black "spoke"]
[Result "0-1"]
[WhiteCountry "ENG"]
[BlackCountry "GER"]
[WhiteElo "1610"]
[WhiteRD "60"]
[BlackElo "1729"]
[BlackRD "57"]
[GameID "77814"]

1. e4 e5 2. Nf3 Nc6 3. Bb5 Bb4 4. c3 Ba5 5. d3 Nge7 6. Bg5 f6 7. Be3 d6 8. h3 O-O 9. b4 Bb6 10. Bxb6 axb6
11. Qb3+ Kh8 12. Nbd2 f5 13. g3 fxe4 14. dxe4 Rf6 15. Ng5 Qf8 16. Rh2 h6 17. Ngf3 Be6 18. Bc4 Bxc4 19. Qxc4 Rxf3 20. Nxf3 Qxf3
21. Rd1 Rf8 22. a4 Qf7 23. Qxf7 Rxf7 24. Ke2 g5 25. g4 Ng6 26. b5 Nce7 27. c4 Nf4+ 28. Ke3 Rf6 29. f3 c6 30. Rhd2 Nc8
31. Rh1 c5 32. h4 Kg7 33. hxg5 hxg5 34. Rdh2 Ne7 35. Rh7+ Kf8 36. Rh8+ Kf7 37. R1h7+ Ke6 38. Rh2 Neg6 39. Re8+ Kd7 40. Rg8 Nh4
41. Kf2 Nd3+ 42. Ke2 Nb2 43. Rg7+ Ke6 44. Rf2 Nxa4 45. Rxg5 Nc3+ 46. Ke3 Nd1+ 47. Ke2 Nxf2 48. Kxf2 Nxf3 49. Rg7 Nd4+ 50. Kg3 Ne2+
51. Kh4 Nc3 52. g5 Rf7 53. Rg6+ Ke7 54. Rh6 Nxe4 55. g6 Rf4+ 56. Kh5 Kf6 57. Rh7 Ng3+
0-1

[Event "19th SC 1500/1900"]
[Site "SchemingMind.com"]
[Date "2006.11.21"]
[Round "-"]
[White "spoke"]
[Black "loco61"]
[Result "1-0"]
[WhiteCountry "GER"]
[BlackCountry "ENG"]
[WhiteElo "1701"]
[WhiteRD "58"]
[BlackElo "1570"]
[BlackRD "60"]
[GameID "77815"]

1. e4 e5 2. Nf3 Nc6 3. Bc4 h6 4. d4 exd4 5. Nxd4 Nxd4 6. Qxd4 c5 7. Qd5 Qe7 8. O-O Nf6 9. Qd3 d6 10. Nc3 g5
11. Bd2 Bg7 12. Rfe1 Ng4 13. Nd5 Ne5 14. Qb3 Qd7 15. Bb5 Nc6 16. Bc3 f6 17. Bxf6 Kf8 18. Be7+ Ke8 19. Nf6+ Bxf6 20. Bxf6 Rf8
21. e5 d5 22. Rad1 c4 23. Qg3 Qe6 24. Qf3 Bd7 25. Rxd5 Rxf6 26. Qxf6 Qxd5 27. e6 Qxb5 28. Qf7+
1-0

[Event "19th SC 1500/1900"]
[Site "SchemingMind.com"]
[Date "2006.11.21"]
[Round "-"]
[White "tacticrules"]
[Black "spoke"]
[Result "1/2-1/2"]
[WhiteCountry "GER"]
[BlackCountry "GER"]
[WhiteElo "1610"]
[WhiteRD "53"]
[BlackElo "1701"]
[BlackRD "58"]
[GameID "77826"]

1. d4 e6 2. c4 d5 3. e3 Nf6 4. Nf3 Nc6 5. Bd3 Be7 6. O-O O-O 7. Nc3 a6 8. b3 Nb4 9. Bb2 Nxd3 10. Qxd3 c5
11. Rfd1 dxc4 12. bxc4 cxd4 13. exd4 Bd7 14. Ne2 b5 15. c5 Bc6 16. Ng3 Nd5 17. a3 Qc7 18. Rac1 b4 19. axb4 Nxb4 20. Qd2 Bxf3
21. gxf3 a5 22. Bc3 Rfb8 23. Rb1 Qc6 24. Kg2 e5 25. Bxb4 axb4 26. Rxb4 Rxb4 27. Qxb4 exd4 28. Qxd4 Bxc5 29. Qc4 Qb6 30. Rd7 Ra7
31. Rxa7=
1/2-1/2

[Event "19th SC 1500/1900"]
[Site "SchemingMind.com"]
[Date "2006.11.21"]
[Round "-"]
[White "tacticrules"]
[Black "loco61"]
[Result "1/2-1/2"]
[WhiteCountry "GER"]
[BlackCountry "ENG"]
[WhiteElo "1610"]
[WhiteRD "53"]
[BlackElo "1570"]
[BlackRD "60"]
[GameID "77827"]

1. b3 e5 2. Bb2 Nc6 3. g3 Nf6 4. Bg2 d5 5. d3 Bb4+ 6. c3 Ba5 7. b4 Nxb4 8. cxb4 Bxb4+ 9. Bc3 Bxc3+ 10. Nxc3 d4
11. Ne4 Nxe4 12. Bxe4 c6 13. Qd2 f5 14. Bg2 Qd6 15. Nf3 O-O 16. O-O Be6 17. e3 Rfd8 18. exd4 exd4 19. Rfe1 Re8 20. Re2 Re7
21. Rae1 Rae8 22. Qb2 b5 23. Nxd4 c5 24. Nxe6 Rxe6 25. Rxe6 Rxe6 26. Rxe6 Qxe6 27. Qxb5 Qe1+ 28. Bf1 Qe5 29. Qb3+ Kf8 30. Qc4 g6
31. f4 Qe3+ 32. Kg2 Qd2+ 33. Kh3 Qe3 34. Qb3 a5 35. Qb8+ Kg7 36. Qc7+ Kh8 37. Qxa5 Qf3 38. Qxc5 Qxf1+ 39. Kh4 Kg7 40. Qe7+ Kg8
41. Qe8+ Kg7 42. Qe7+ Kg8=
1/2-1/2

[Event "19th SC 1500/1900"]
[Site "SchemingMind.com"]
[Date "2006.11.21"]
[Round "-"]
[White "spoke"]
[Black "tacticrules"]
[Result "1-0"]
[WhiteCountry "GER"]
[BlackCountry "GER"]
[WhiteElo "1729"]
[WhiteRD "57"]
[BlackElo "1583"]
[BlackRD "51"]
[GameID "77828"]

1. e4 c5 2. Nf3 d6 3. d4 cxd4 4. Nxd4 Nf6 5. Nc3 a6 6. f4 Nc6 7. Nxc6 bxc6 8. e5 Ng8 9. Be2 Qc7 10. O-O Bb7
11. exd6 exd6 12. Be3 Nf6 13. Bf3 Be7 14. Qe1 O-O 15. Rd1 Rad8 16. Qf2 c5 17. Nd5 Bxd5 18. Bxd5 Rfe8 19. c4 Nxd5 20. Rxd5 Qb7
21. b3 a5 22. Qc2 Bf6 23. Bc1 Qd7 24. Qd2 Be7 25. Re1 Bf8 26. Rxe8 Rxe8 27. Qxa5 Rc8 28. Qd2 Rd8 29. Ba3 Qc7 30. Bxc5 Be7
31. Bf2 g6 32. f5 Kf8 33. Qh6+ Ke8 34. Qxh7 Kd7 35. f6 Bxf6 36. Qxf7+ Be7 37. Bh4 Re8 38. c5
1-0

[Event "19th SC 1500/1900"]
[Site "SchemingMind.com"]
[Date "2006.11.21"]
[Round "-"]
[White "loco61"]
[Black "tacticrules"]
[Result "0-1"]
[WhiteCountry "ENG"]
[BlackCountry "GER"]
[WhiteElo "1570"]
[WhiteRD "60"]
[BlackElo "1610"]
[BlackRD "53"]
[GameID "77829"]

1. e4 e5 2. Nf3 Nc6 3. Bc4 Nf6 4. Ng5 d5 5. exd5 Na5 6. Bb5+ Bd7 7. Be2 Nxd5 8. d3 Be7 9. Bg4 h6 10. Ne4 f5
11. Bh5+ Kf8 12. Qf3 g5 13. Ng3 Nf4 14. Bxf4 exf4 15. Ne2 Bf6 16. c3 Nc6 17. d4 Rg8 18. g3 fxg3 19. hxg3 g4 20. Qf4 Bg5
0-1

[Event "19th SC 1500/1900"]
[Site "SchemingMind.com"]
[Date "2006.11.22"]
[Round "-"]
[White "mikewharvey"]
[Black "loco61"]
[Result "0-1"]
[WhiteCountry "GBR"]
[BlackCountry "ENG"]
[WhiteElo "1477"]
[WhiteRD "85"]
[BlackElo "1610"]
[BlackRD "60"]
[GameID "78190"]

1. c4 e5 2. Nc3 Nc6 3. g3 Nf6 4. Bg2 d6 5. Nf3 Bg4 6. d3 Be7 7. h3 Bh5 8. g4 Nxg4 9. hxg4 Bxg4 10. Nd5 Qd7
0-1

[Event "19th SC 1500/1900"]
[Site "SchemingMind.com"]
[Date "2006.11.22"]
[Round "-"]
[White "Efren ramos"]
[Black "loco61"]
[Result "1-0"]
[WhiteCountry "NCA"]
[BlackCountry "ENG"]
[WhiteElo "1804"]
[WhiteRD "109"]
[BlackElo "1570"]
[BlackRD "60"]
[GameID "78199"]

1. e4 e5 2. Nf3 Nc6 3. Bb5 d6 4. d4 a6 5. Bxc6+ bxc6 6. dxe5 d5 7. exd5 cxd5 8. O-O Be6 9. Nd4 Bc5 10. Nxe6 fxe6
11. Qg4 Qe7 12. Bg5 Qf7 13. Nc3 h6 14. Be3 Bb6 15. Ne2 Ne7 16. Bxb6 cxb6 17. Nd4 Kd7 18. Rad1 Rac8 19. Qe2 b5 20. a4 Nc6
21. axb5 Nxd4 22. Rxd4 axb5 23. Qxb5+ Kd8 24. c4 Qc7 25. cxd5 Qxe5 26. Rdd1 Qc7 27. dxe6+
1-0

[Event "19th SC 1500/1900"]
[Site "SchemingMind.com"]
[Date "2006.11.22"]
[Round "-"]
[White "Efren ramos"]
[Black "tacticrules"]
[Result "1-0"]
[WhiteCountry "NCA"]
[BlackCountry "GER"]
[WhiteElo "1804"]
[WhiteRD "109"]
[BlackElo "1610"]
[BlackRD "53"]
[GameID "78200"]

1. e4 e5 2. Nf3 Nc6 3. Bb5 a6 4. Ba4 Nf6 5. Qe2 b5 6. Bb3 Bc5 7. c3 d6 8. h3 Bb7 9. O-O O-O 10. Rd1 Nb8
11. d4 exd4 12. cxd4 Ba7 13. e5 Re8 14. Bg5 h6 15. Bh4 g5 16. Bg3 Nbd7 17. Nbd2 Nh5 18. Qd3 Nxg3 19. Qg6+ Kh8 20. Qxh6+ Kg8
21. Nxg5 Ne2+ 22. Kf1 Bxg2+ 23. Ke1
1-0

[Event "19th SC 1500/1900"]
[Site "SchemingMind.com"]
[Date "2006.11.24"]
[Round "-"]
[White "spoke"]
[Black "Efren ramos"]
[Result "0-1"]
[WhiteCountry "GER"]
[BlackCountry "NCA"]
[WhiteElo "1701"]
[WhiteRD "58"]
[BlackElo "1804"]
[BlackRD "109"]
[GameID "78202"]

1. e4 c5 2. Nf3 Nc6 3. d4 cxd4 4. Nxd4 Nf6 5. Nc3 e5 6. Ndb5 d6 7. Bg5 a6 8. Na3 b5 9. Bxf6 gxf6 10. Nd5 Bg7
11. Bd3 Be6 12. O-O f5 13. c3 O-O 14. Nc2 Bxd5 15. exd5 Ne7 16. Nb4 e4 17. Be2 Qd7 18. Qd2 h6 19. Rac1 Ng6 20. Nc6 f4
21. Qd1 f5 22. Bh5 Ne5 23. Nxe5 Bxe5 24. g4 f3 25. Kh1 Qe7
0-1

[Event "19th SC 1500/1900"]
[Site "SchemingMind.com"]
[Date "2006.11.22"]
[Round "-"]
[White "loco61"]
[Black "Efren ramos"]
[Result "0-1"]
[WhiteCountry "ENG"]
[BlackCountry "NCA"]
[WhiteElo "1570"]
[WhiteRD "60"]
[BlackElo "1804"]
[BlackRD "109"]
[GameID "78203"]

1. e4 e5 2. Nf3 Nf6 3. Nc3 Nc6 4. Bb5 Bc5 5. Bxc6 dxc6 6. Nxe5 Bxf2+ 7. Kxf2 Qd4+ 8. Ke1 Qxe5 9. d3 Bg4 10. Ne2 O-O-O
11. h3 Bxe2 12. Qxe2 Qg3+ 13. Qf2 Nxe4 14. dxe4 Rd1+ 15. Ke2 Qxf2+ 16. Kxf2 Rxh1 17. b3 Rd8 18. Bb2 Rxa1 19. Bxa1 Rd2+ 20. Kf3 Rxc2
21. Bxg7 Rxa2 22. Bd4 Ra3 23. Kf4 Rxb3 24. e5 Rb4 25. Ke3 a5 26. Bc3 Rb3 27. Kd4 Rxc3 28. Kxc3 Kd7
0-1

[Event "19th SC 1500/1900"]
[Site "SchemingMind.com"]
[Date "2006.11.22"]
[Round "-"]
[White "tacticrules"]
[Black "Efren ramos"]
[Result "1/2-1/2"]
[WhiteCountry "GER"]
[BlackCountry "NCA"]
[WhiteElo "1610"]
[WhiteRD "53"]
[BlackElo "1804"]
[BlackRD "109"]
[GameID "78204"]

1. d4 d5 2. Nc3 Nf6 3. Bg5 e6 4. e4 dxe4 5. Nxe4 Nbd7 6. Nf3 Be7 7. Bxf6 Nxf6 8. Bd3 O-O 9. O-O b6 10. Re1 Bb7
11. c3 h6 12. Qe2 a6 13. Rad1 Re8 14. b4= Nxe4 15. Bxe4 Bxe4 16. Qxe4 Bd6 17. a4 Qd7 18. a5 bxa5 19. bxa5 Qb5 20. Ra1 Qc4
21. Qe3 Rab8 22. Reb1 Rb5 23. Rxb5 Qxb5 24. Nd2 Rb8 25. c4 Qf5 26. h3 Bf4 27. Qc3 Bxd2=
1/2-1/2

[Event "19th SC 1500/1900"]
[Site "SchemingMind.com"]
[Date "2006.11.23"]
[Round "-"]
[White "ivan"]
[Black "spoke"]
[Result "0-1"]
[WhiteCountry "CRO"]
[BlackCountry "GER"]
[WhiteElo "1580"]
[WhiteRD "68"]
[BlackElo "1729"]
[BlackRD "57"]
[GameID "78219"]

1. e4 e6 2. d4 d5 3. exd5 exd5 4. Nf3 Bg4 5. Be2 Nf6 6. Nc3 Bb4 7. O-O O-O 8. a3 Bxc3 9. bxc3 Re8 10. Bg5 h6
11. Bh4 Qd6 12. Ne5 Bxe2 13. Qxe2 Nbd7 14. Bg3 Nxe5 15. Bxe5 Qc6 16. f3 Nd7 17. Qd3 Nxe5 18. dxe5 Rxe5 19. Rfe1 Rae8 20. Rxe5 Rxe5
21. Qd2 Qb6+ 22. Kf1 Qe3 23. Qd3 c6 24. Re1 Qxe1#
0-1

[Event "19th SC 1500/1900"]
[Site "SchemingMind.com"]
[Date "2006.11.22"]
[Round "-"]
[White "ivan"]
[Black "loco61"]
[Result "0-1"]
[WhiteCountry "CRO"]
[BlackCountry "ENG"]
[WhiteElo "1546"]
[WhiteRD "73"]
[BlackElo "1584"]
[BlackRD "58"]
[GameID "78220"]

1. e4 e5 2. Nf3 Nc6 3. Bc4 h6 4. c3 Nf6 5. d4 d6 6. Bb5 Bd7 7. O-O Nxe4 8. Re1 f5 9. Nfd2 Nxd2 10. Qh5+ Ke7
11. Bxd2 Ke6 12. Na3 Be8 13. Qe2 Qf6 14. Bc4+ Kd7 15. Bb5 Ke6 16. f3 Bd7 17. Nc2 Re8 18. Qc4+ d5 19. Qd3 Bd6 20. dxe5 Bxe5
21. Bf4 Kd6 22. Bc4 Be6 23. Bb5 Bxf4 24. Nd4 a6 25. Nxe6 Rxe6 26. Bc4 Ne7 27. Bxd5 Nxd5 28. c4 Re5 29. g3 Bxg3 30. hxg3 c6
31. cxd5 Rxd5 32. Qb3 Kc7 33. Qe3 g5 34. Qb3 Rhd8 35. Qb4 Rd3 36. Re7+ R8d7 37. Rae1 Rxf3 38. Rxd7+ Kxd7 39. Qxb7+ Kd6 40. Rd1+ Ke5
41. Re1+ Kd4 42. Qb4+ Kd5 43. Qd2+ Qd4+ 44. Qxd4+ Kxd4 45. Kg2 g4 46. Re6 Kd5 47. Rxh6 a5 48. Rh5 a4 49. Rh1 c5 50. Re1 f4
51. gxf4 Rxf4 52. Kg3 Rb4 53. Re2 Rd4 54. b3 axb3 55. axb3 Rd3+ 56. Kxg4 Rxb3 57. Kf4 Kd4 58. Rd2+ Rd3 59. Re2 c4 60. Re1 c3
61. Re4+ Kc5 62. Re5+ Kb4 63. Ke4 Kc4 64. Rc5+ Kxc5 65. Kxd3= Kb4 66. Kc2 Kc4 67. Kb1 Kd3 68. Kc1 c2 69. Kb2 Kd2 70. Kb3 c1=Q
71. Kb4 Qc6 72. Kb3 Qb5+ 73. Ka2 Kc3
0-1

[Event "19th SC 1500/1900"]
[Site "SchemingMind.com"]
[Date "2006.11.22"]
[Round "-"]
[White "ivan"]
[Black "Efren ramos"]
[Result "0-1"]
[WhiteCountry "CRO"]
[BlackCountry "NCA"]
[WhiteElo "1548"]
[WhiteRD "68"]
[BlackElo "1804"]
[BlackRD "88"]
[GameID "78221"]

1. e4 e5 2. Nf3 Nf6 3. Nc3 Nc6 4. Bb5 Bb4 5. O-O Bxc3 6. bxc3 O-O 7. Ba3 Re8 8. Re1 d6 9. h3 Bd7 10. Bc4 h6
11. d4 exd4 12. e5 dxe5 13. cxd4 exd4 14. Nxd4 Rxe1+ 15. Qxe1 Nxd4 16. Qd2 Be6 17. Qd3 Bxc4 18. Qxc4 Ne6 19. Rb1 b6 20. Qe2 Qd4
21. Bb2 Qe4 22. Qd2 Rd8 23. Qc3 Nf4 24. f3 Ne2+ 25. Kf2 Nxc3 26. Bxc3 Qxc2+
0-1

[Event "19th SC 1500/1900"]
[Site "SchemingMind.com"]
[Date "2006.11.22"]
[Round "-"]
[White "ivan"]
[Black "tacticrules"]
[Result "1-0"]
[WhiteCountry "CRO"]
[BlackCountry "GER"]
[WhiteElo "1580"]
[WhiteRD "68"]
[BlackElo "1583"]
[BlackRD "51"]
[GameID "78222"]

1. e4 e5 2. Nf3 Nc6 3. Bc4 Nf6 4. O-O Be7 5. d3 O-O 6. Nc3 d6 7. Be3 Be6 8. Bxe6 fxe6 9. Qd2 Qd7 10. h3 Rad8
11. Rad1 d5 12. exd5 exd5 13. d4 e4 14. Ne5 Nxe5 15. dxe5 d4 16. exf6 Bxf6 17. Nxe4 Be5= 18. Bg5 Rde8 19. f3 h6 20. Bh4 Qd5
21. b3 c5 22. Qa5 a6 23. Qxc5 Qxc5 24. Nxc5 b6 25. Nd3 g5 26. Bf2 Rd8 27. Nxe5 Rf5 28. Nc6 Rd6 29. Nxd4 Rfd5 30. Rfe1 b5
31. Re8+ Kf7 32. Rde1 Rd7 33. R8e6 R5d6 34. Rxd6 Rc7 35. Rxa6 b4 36. Rxh6 Kg7 37. Ne6+
1-0

[Event "19th SC 1500/1900"]
[Site "SchemingMind.com"]
[Date "2006.11.23"]
[Round "-"]
[White "spoke"]
[Black "ivan"]
[Result "1-0"]
[WhiteCountry "GER"]
[BlackCountry "CRO"]
[WhiteElo "1729"]
[WhiteRD "57"]
[BlackElo "1580"]
[BlackRD "68"]
[GameID "78224"]

1. e4 e5 2. Nf3 Nc6 3. Bc4 Nf6 4. Ng5 d5 5. exd5 Nxd5 6. Nxf7 Kxf7 7. Qf3+ Ke8 8. Bxd5 Qf6 9. Bxc6+ Qxc6 10. Qxc6+ bxc6
11. d3 Bc5 12. Nc3 Be6 13. Be3 Bb6 14. O-O Rf8 15. Ne4 h6 16. Nc5 Bxc5 17. Bxc5 Rf7 18. Rae1 Rb8 19. Rxe5 Kd7 20. b3 Rb5
21. d4 Rb8 22. Rfe1 Rf6 23. c4 a6 24. d5 cxd5 25. cxd5 Bg4 26. Re7+
1-0

[Event "19th SC 1500/1900"]
[Site "SchemingMind.com"]
[Date "2006.11.23"]
[Round "-"]
[White "loco61"]
[Black "ivan"]
[Result "1-0"]
[WhiteCountry "ENG"]
[BlackCountry "CRO"]
[WhiteElo "1610"]
[WhiteRD "60"]
[BlackElo "1580"]
[BlackRD "68"]
[GameID "78225"]

1. e4 c6 2. Nf3 g6 3. d4 d6 4. Nc3 Bg7 5. Bc4 Bg4 6. Be3 b6 7. h3 Bd7 8. O-O Nf6 9. e5 dxe5 10. Nxe5 O-O
11. Qd2 c5 12. d5 Ne8 13. Nxd7 Nxd7 14. Rad1 Nd6 15. b3 Nxc4 16. bxc4 Ne5 17. Qe2 Qd7 18. f4 Nf3+ 19. Rxf3 Bxc3 20. Bxc5 bxc5
21. Rxc3 Rab8 22. Rb3 Rfe8 23. Rdd3 Rb6 24. Qe3 e6 25. Qxc5 Rxb3 26. cxb3 exd5 27. Rxd5 Qe6 28. Rd1 a6 29. a4 Rc8 30. Qe5 Qb6+
31. Rd4 Qxb3 32. c5 Qa3 33. Rc4 Qb3 34. Rd4 Qa3 35. Rc4 Qb3 36. Qd5 Re8 37. c6 Qg3 38. Re4 Rb8 39. Rd4 Re8 40. Re4 Rb8
41. Qd1 Rb2 42. Re2 Rxe2 43. Qxe2 Qxf4 44. Qxa6 Qc1+ 45. Kf2 Qc5+ 46. Ke2 Qc2+ 47. Ke3 Qc3+ 48. Ke4 Qc2+ 49. Ke5 Qc5+ 50. Ke4 Qc2+
51. Ke5 Qc5+ 52. Kf4 Qd4+ 53. Kg3 Qe3+ 54. Kh2 Qf4+ 55. Kg1 Qe3+ 56. Kf1 Qc1+= 57. Kf2 Qc2+ 58. Ke3 Qc3+ 59. Ke4 Qb4+ 60. Kd5 Qd2+
61. Kc5 Qc3+ 62. Kb6 Qb4+ 63. Ka7 Qc5+ 64. Qb6 Qe7+ 65. c7 h5 66. a5 g5 67. Kb8 Qe8+ 68. c8=Q
1-0

[Event "19th SC 1500/1900"]
[Site "SchemingMind.com"]
[Date "2006.11.23"]
[Round "-"]
[White "Efren ramos"]
[Black "ivan"]
[Result "1-0"]
[WhiteCountry "NCA"]
[BlackCountry "CRO"]
[WhiteElo "1804"]
[WhiteRD "88"]
[BlackElo "1548"]
[BlackRD "68"]
[GameID "78226"]

1. d4 d5 2. Nf3 Nc6 3. g3 Bg4 4. Bg2 e6 5. O-O Nf6 6. Bf4 Bd6 7. Bxd6 Qxd6 8. a3 O-O 9. Nbd2 Rac8 10. Rc1 Bf5
11. c4 Ne4 12. c5 Qd7 13. b4 b6 14. Nb3 h6 15. b5 Ne7 16. c6 Qd6 17. Ra1 Ra8 18. Ne5 Ng6 19. f3 Nf6 20. Nd3 Bxd3
21. Qxd3 a6 22. a4 axb5 23. Qxb5 Nd7 24. cxd7 Rfd8 25. e4 Rxd7 26. e5 Qe7 27. Rfc1 Qd8 28. Bf1 Ne7 29. Qb4 Qc8 30. Rc2 Qb7
31. Nc5 Nc6 32. Qb2 Qc8 33. Nxd7 Qxd7 34. Bb5
1-0

[Event "19th SC 1500/1900"]
[Site "SchemingMind.com"]
[Date "2006.11.23"]
[Round "-"]
[White "tacticrules"]
[Black "ivan"]
[Result "0-1"]
[WhiteCountry "GER"]
[BlackCountry "CRO"]
[WhiteElo "1583"]
[WhiteRD "51"]
[BlackElo "1580"]
[BlackRD "68"]
[GameID "78227"]

1. d4 d5 2. e3 Nf6 3. Bd3 Nc6 4. f4 Bg4 5. Be2 Qd7 6. Nf3 e6 7. Ne5 Bxe2 8. Qxe2 Nxe5 9. dxe5 Ne4 10. c4 c6
11. Nd2 Bb4 12. O-O Bxd2 13. Bxd2 O-O 14. Rac1 Rac8 15. b3 Qe7 16. cxd5 cxd5 17. Rxc8 Rxc8 18. Rc1= Rc6 19. Rxc6 bxc6 20. Qe1 Qa3
21. Qb1 Nxd2 22. Qc2 Ne4 23. Kf1 Qa6+ 24. Ke1 Qb6 25. Ke2 g6 26. g4 Qc5 27. Qd3 Qc1 28. Kf3 Qg1 29. Qc2 Qf1+
0-1